Govt. of
Madhya Pradesh

China's Expansionist Policy in Asia and Africa (Record no. 63968)

MARC details
000 -LEADER
fixed length control field 00249nam a22000977a 4500
100 ## - MAIN ENTRY--AUTHOR NAME
Personal name Aggarwal, Mohit
245 ## - TITLE STATEMENT
Title China's Expansionist Policy in Asia and Africa
260 ## - PUBLICATION, DISTRIBUTION, ETC. (IMPRINT)
Place of publication Delhi
Name of publisher Lenin Media
Year of publication 2015
650 ## - SUBJECT ADDED ENTRY--TOPICAL TERM
Topical Term Politics
942 ## - ADDED ENTRY ELEMENTS (KOHA)
Koha item type Books
Holdings
Withdrawn status Lost status Damaged status Not for loan Home library Current library Date acquired Cost, normal purchase price Full call number Accession Number Price effective from Koha item type
        MACL MACL 28/11/2020 995.00 320 CRE035582 28/11/2020 Books